000 00206nam a22000977a 4500
020 _a9780545521420
100 _aJeff Hirsch
245 _aThe 39 Clues
260 _aNew York
_bScholastic
_c2014
942 _cBK
999 _c265926
_d265925